Modern concepts on water resources (Record no. 1335)

000 -LEADER
fixed length control field 00600nam a22002177a 4500
001 - CONTROL NUMBER
control field 1335
003 - CONTROL NUMBER IDENTIFIER
control field BD-DhUET
008 - FIXED-LENGTH DATA ELEMENTS--GENERAL INFORMATION
fixed length control field 140903b xxu||||| |||| 00| 0 eng d
020 ## - INTERNATIONAL STANDARD BOOK NUMBER
International Standard Book Number 9848090309
040 ## - CATALOGING SOURCE
Original cataloging agency 0
Transcribing agency 0
Modifying agency BD-DhUET
082 ## - DEWEY DECIMAL CLASSIFICATION NUMBER
Classification number 628.16068095492
Item number FAI/2007
100 ## - MAIN ENTRY--PERSONAL NAME
Personal name Faisal Hossain
245 ## - TITLE STATEMENT
Title Modern concepts on water resources
Statement of responsibility, etc. by Faisal Hossain,Md. Delawer Hossain
250 ## - EDITION STATEMENT
Edition statement Ist ed.
260 ## - PUBLICATION, DISTRIBUTION, ETC. (IMPRINT)
Place of publication, distribution, etc. Dhaka
Name of publisher, distributor, etc. UGC,
Date of publication, distribution, etc. 2007
300 ## - PHYSICAL DESCRIPTION
Extent xv,222p.
504 ## - BIBLIOGRAPHY, ETC. NOTE
Bibliography, etc Includes bibliographies
650 #0 - SUBJECT ADDED ENTRY--TOPICAL TERM
Topical term or geographic name as entry element Water resources management
Geographic subdivision Bangladesh
700 ## - ADDED ENTRY--PERSONAL NAME
Personal name Delawer Hossain, Md.
942 ## - ADDED ENTRY ELEMENTS (KOHA)
Koha item type General Book
Holdings
Price effective from Location (home branch) Source of classification or shelving scheme Date acquired Sublocation or collection (holding branch) Koha item type Koha full call number Withdrawn status Piece designation (barcode) Damaged status Koha normalized classification for sorting Lost status Koha date last seen Copy number Not for loan Shelving location
2014-09-03Central Library, BUET 2014-09-03Central Library, BUETGeneral Book628.16068095492/FAI/2007 103500 628_160680954920000_FAI_2007 2014-09-031 Circulation section
2014-09-03Central Library, BUET 2014-09-03Central Library, BUETGeneral Book628.16068095492/FAI/2007 103501 628_160680954920000_FAI_2007 2014-09-032 Circulation section
2014-09-03Central Library, BUET 2014-09-03Central Library, BUETGeneral Book628.16068095492/FAI/2007 103502 628_160680954920000_FAI_2007 2014-09-033 Circulation section
2014-09-03Central Library, BUET 2014-09-03Central Library, BUETGeneral Book628.16068095492/FAI/2007 103503 628_160680954920000_FAI_2007 2014-09-034 Circulation section
2014-09-03Central Library, BUET 2014-09-03Central Library, BUETGeneral Book628.16068095492/FAI/2007 103504 628_160680954920000_FAI_2007 2014-09-035 Circulation section
2014-09-03Central Library, BUET 2014-09-03Central Library, BUETGeneral Book628.16068095492/FAI/2007 103505 628_160680954920000_FAI_2007 2014-09-036 Circulation section
2014-09-03Central Library, BUET 2014-09-03Central Library, BUETGeneral Book628.16068095492/FAI/2007 103506 628_000000000000000_1606809549 2014-09-037 Circulation section
2014-09-03Central Library, BUET 2014-09-03Central Library, BUETGeneral Book628.16068095492/FAI/2007 103507 628_000000000000000_1606809549 2014-09-038 Circulation section
2014-09-03Central Library, BUET 2014-09-03Central Library, BUETGeneral Book628.16068095492/FAI/2007 103508 628_160680954920000_FAI_2007 2014-09-039 Circulation section
2014-09-03Central Library, BUET 2014-09-03Central Library, BUETGeneral Book628.16068095492/FAI/2007 103509 628_000000000000000_1606809549 2014-09-0310 Circulation section
2016-07-26Central Library, BUET 2016-07-26Central Library, BUETGeneral Book628.16068095492/FAI/2007 114242 628_160680954920000_FAI_2007 2016-07-2611 Circulation section
2016-07-26Central Library, BUET 2016-07-26Central Library, BUETGeneral Book628.16068095492/FAI/2007 114243 628_160680954920000_FAI_2007 2016-07-2612 Circulation section